|
|
|
|
| LEADER |
01690nam a2200457 a 4500 |
| 001 |
000760325 |
| 003 |
CZ BrMZK |
| 005 |
20050318130444.0 |
| 007 |
ta |
| 008 |
050120s2004 xr ah er 001 0bger d |
| 015 |
|
|
|a cnb001493689
|
| 020 |
|
|
|a 80-7083-885-X
|q (brož.)
|
| 035 |
|
|
|a (OCoLC)85132385
|
| 040 |
|
|
|a BOA001
|b cze
|
| 043 |
|
|
|a e-xr---
|
| 072 |
|
7 |
|a 51
|x Matematika
|2 Konspekt
|9 13
|
| 080 |
|
|
|a 929
|2 MRF
|
| 080 |
|
|
|a 51-051
|2 MRF
|
| 080 |
|
|
|a 371.3
|2 MRF
|
| 080 |
|
|
|a 371.671
|2 MRF
|
| 080 |
|
|
|a 51
|2 MRF
|
| 080 |
|
|
|a 930.85
|2 MRF
|
| 080 |
|
|
|a (437.3)
|2 MRF
|
| 080 |
|
|
|a (048.8)
|2 MRF
|
| 100 |
1 |
|
|a Schuppener, Georg,
|d 1968-
|7 mzk2005266606
|4 aut
|
| 245 |
1 |
0 |
|a Stanislav Vydra (1741-1804) :
|b zwischen Elementarmathematik und nationaler Wiedergeburt /
|c Georg Schuppener, Karel Mačák
|
| 260 |
|
|
|a Liberec :
|b Technische Universität ;
|a Leipzig :
|b Leipziger Universitätsverlag,
|c c2004
|
| 300 |
|
|
|a 248 s. :
|b il., faksimile ;
|c 25 cm
|
| 504 |
|
|
|a Obsahuje bibliografii, bibliografické odkazy a rejstříky
|
| 600 |
1 |
7 |
|a Vydra, Stanislav,
|d 1741-1804
|7 jk01151137
|2 czenas
|
| 650 |
0 |
7 |
|a matematici
|7 ph122664
|z Česko
|y 18.-19. stol.
|2 czenas
|
| 650 |
0 |
7 |
|a studium a výuka
|7 ph136700
|z Česko
|y 18.-19. stol.
|2 czenas
|
| 650 |
0 |
7 |
|a učebnice
|7 ph126974
|z Česko
|y 18.-19. stol.
|2 czenas
|
| 650 |
0 |
7 |
|a matematika
|7 ph117231
|2 czenas
|
| 650 |
0 |
7 |
|a národní obrození
|7 ph123437
|z Česko
|2 czenas
|
| 655 |
|
7 |
|a monografie
|7 fd132842
|2 czenas
|
| 700 |
1 |
|
|a Mačák, Karel,
|d 1938-
|7 xx0001995
|4 aut
|
| 910 |
|
|
|a BOA001
|b 2-1146.495
|
| 990 |
|
|
|a BK
|
| 991 |
|
|
|b 200503
|c NOV
|
| 996 |
6 |
|
|b 2610239650
|c 2-1146.495
|l MZK
|r Sklad / do 1 hodiny
|n 0
|p p.v.
|w 000760325
|u 000010
|a 1
|e BOA001
|j MZK50
|s P
|